Interný marketing v podniku cestovného ruchu diplomová práca

Guardado en:
Detalles Bibliográficos
Autor principal: Brathová, Bianka
Autor Corporativo: Obchodná fakulta EU. Katedra služieb a cestovného ruchu - zrušené
Otros Autores: Bažó, Ladislav, 1980-
Formato: Libro
Lenguaje:eslovaco
Publicado: Bratislava 2013
Etiquetas: Agregar Etiqueta
Sin Etiquetas, Sea el primero en etiquetar este registro!

MARC

LEADER 00000nbm a2200000 4500
001 0169518
005 20161109102309.6
041 0 |a slo 
044 |a SK 
245 1 0 |a Interný marketing v podniku cestovného ruchu  |b diplomová práca  |c Bianka Brathová ; školiteľ: Ladislav Bažó 
264 1 |a Bratislava  |c 2013 
300 |a 66 s. 
100 1 |a Brathová, Bianka 
700 1 |a Bažó, Ladislav, 1980- 
710 2 |a Obchodná fakulta EU. Katedra služieb a cestovného ruchu - zrušené